Normal view
MARC view
- Lundell, Mark
Entry Personal Name
001 - CONTROL NUMBER
- control field: 139566
003 - CONTROL NUMBER IDENTIFIER
- control field: DLC
005 - DATE AND TIME OF LATEST TRANSACTION
- control field: 20221206105510.0
008 - FIXED-LENGTH DATA ELEMENTS
- fixed length control field: 950801n| acannaab| |n aaa |||
010 ## - LIBRARY OF CONGRESS CONTROL NUMBER
- LC control number: n 95075987
040 ## - CATALOGING SOURCE
- Original cataloging agency: DLC
- Transcribing agency: DLC
100 10 - HEADING--PERSONAL NAME
- Personal name: Lundell, Mark
670 ## - SOURCE DATA FOUND
- Source citation: Central and Eastern European Land Tenure Patterns ,1994:
- Information found: cover (Mark Lundell)



